00341nam a2200109Ia 4500008004100000020002200041041001200063100007300075245003000148260003200178650002100210231221s9999 xx 000 0 und d a978-1-4419-6981-1 aEnglish aJavier Lacasta, Javier Nogueras Iso, Francisco Javier Zarazaga Soria 0aTerminological Ontologies c2010bSpringer USaNew York aComputer Science